Music Quiz

Random Music or Album Quiz

Post-Grunge Bands 2 Quiz Stats

 Plays Quiz not verified by Sporcle

Score 0/82 Timer 16:00
0 Plays Today
Album Band % Correct
One-XThree Days Grace
82.8%
FrogstompSilver Chair
79.3%
Leave A WhisperShinedown
72.4%
Saint AsoniaSΔINT ΔSONIΔ
69%
DisclaimerSeether
69%
Come CleanPuddle Of Mudd
65.5%
Rotting Piñata Sponge
62.1%
Places For BreathingRevis
58.6%
FragileSaron Gas
58.6%
RubberneckToadies
51.7%
Come What(ever) MayStone Sour
48.3%
CurbNickelback
44.8%
Shrinking The BlobOleander
41.4%
TormentedStaind
41.4%
Sick And Twisted AffairMy Darkest Days
34.5%
Mer de NomsA Perfect Circle
27.6%
Mental JewelryLive
24.1%
NaveedOur Lady Peace
24.1%
End Of SilenceRed
24.1%
AnxietySmile Empty Soul
24.1%
American ThighsVeruca Salt
24.1%
ThefakesoundofprogressLostprophets
20.7%
American StandardSeven Mary Three
20.7%
The Legend Of ChinSwitchfoot
20.7%
Lemon ParadeTonic
20.7%
GasolineTheory Of A Deadman
17.2%
BlueThird Eye Blind
17.2%
The Lonely Position Of NeutralTRUSTcompany
17.2%
Album Band % Correct
Unified TheoryUnified Theory
17.2%
FomaThe Nixons
13.8%
Light Me UpThe Pretty Reckless
13.8%
Someone In ControlTrapt
13.8%
All I WasTremonti
13.8%
Pop SmearThe Verve Pipe
13.8%
Highly EvolvedThe Vines
13.8%
The End Of The BeginningLike A Storm
10.3%
ShapeshifterMarcy Playground
10.3%
FalloutThe Mayfield Four
10.3%
Yourself Or Someone Like YouMatchbox Twenty
10.3%
Coming Up For AirModern Day Zero
10.3%
SoulcrusherOperator
10.3%
War Of The RosesPop Evil
10.3%
Truth Is CurrencyRev Theory
10.3%
Life Left To GoSafetySuit
10.3%
Miss AmericaSaving Abel
10.3%
The Great DivideScott Stapp
10.3%
Clearing The ChannelSinch
10.3%
Where You AreSocialburn
10.3%
Throttle JunkiesSOiL
10.3%
Wake UpStereoside
10.3%
In Due TimeSubmersed
10.3%
After We GoTantric
10.3%
Come AgainThornley
10.3%
Against The GrainThe Veer Union
10.3%
There And Back AgainVertical Horizon
10.3%
The Path Of Least ResistanceVirgos
10.3%
Album Band % Correct
Signs Of A Vacant SoulVirgos Merlot
10.3%
VonrayVonray
10.3%
SilverMoist
6.9%
DraglinePaw
6.9%
Welcome To The Real WorldSick Puppies
6.9%
All That RemainsStereo Fuse
6.9%
HumanProjected
3.4%
Villa ElaineRemy Zero
3.4%
We Don't Belong HereViolent Soho
3.4%
BellaclavaLimblifter
0%
Life Less LivedLogan
0%
Mi Dia de la IndependenciaLynda Thomas
0%
Prince ValiumMedication
0%
UndercoversNight Shift
0%
World Without HorsesPalomar
0%
Cool Way To FeelPluto
0%
WheelieThe Refreshments
0%
A Lifetime In One DayRubyhorse
0%
Great DivideSemisonic
0%
SynergyShaman's Harvest
0%
Gasping For HopeSince October
0%
Writings On The WallSoul Harbor
0%
The Mind's EyeStiltskin
0%
The Sounds Of SolidSugartooth
0%
McLaren Furnace RoomThe Watchmen
0%
Bloodshot LifeWithin Reason
0%

You're not logged in!

Compare scores with friends on all Sporcle quizzes.
OR
Log In

Show Comments

Extras

Created Jan 25, 2016ReportNominate
Tags:Album Quiz

Top Quizzes Today


Score Distribution

Your Account Isn't Verified!

In order to create a playlist on Sporcle, you need to verify the email address you used during registration. Go to your Sporcle Settings to finish the process.

Report this User

Report this user for behavior that violates our Community Guidelines.

Details: